| 000 | 00551 a2200253 4500 | ||
|---|---|---|---|
| 260 | _aParis | ||
| 100 | _aROZIS, Jean-François | ||
| 700 | 1 | _aGUINEBAULT, Alain | |
| 260 | _bGRET | ||
| 260 | _bCTA | ||
| 260 | _bMinistère de la Coopération | ||
| 245 | _aSécher des produits alimentaires | ||
| 300 | _a344p. | ||
| 650 | _aProduit alimentaire | ||
| 260 | _c1995 | ||
| 130 | _lFr | ||
| 440 | _aLe point sur | ||
| 710 | _aGERES | ||
| 710 | _aGRET | ||
| 690 | _aSéchage | ||
| 020 | _a2-86844-072-X | ||
| 999 |
_c20958 _d20958 |
||